000 00293nam a2200121Ia 4500
008 241028s9999 xx 000 0 und d
041 _aeng
082 _a327.730 UNG
100 _aCraig Unger
245 _aHouse Of Bush House Of Saud
260 _bGsb
_aLondon
_c2002
300 _a355;. P. 21 cm
999 _c42883
_d42883